| 000 | 00479nam a22001697a 4500 | ||
|---|---|---|---|
| 003 | BD-ChCU | ||
| 005 | 20260422122927.0 | ||
| 008 | 260422b bg ||||| |||| 00| 0 ben d | ||
| 040 | _cBD-ChCU | ||
| 082 | _a330.942 TIS | ||
| 100 |
_aTickner , F.W. _921773 |
||
| 245 |
_aSocial & industrial history of England./ _cF.W. Tickner |
||
| 260 |
_aNew York : _bLongmans _cC 1916 |
||
| 300 | _axii , 721p | ||
| 650 | 0 |
_aGT. Brit. - Economics Conditions . _921775 |
|
| 942 |
_2ddc _cBK _n0 |
||
| 999 |
_c112348 _d112348 |
||